|
|
|
|
| LEADER |
00000nab a2200000 a 4500 |
| 001 |
vtls000731585 |
| 003 |
SK-MaSNL |
| 005 |
20260303210106.0 |
| 008 |
140422c2000 xo 0 slo |
| 015 |
|
|
|a SNBRB2000/09-23838
|
| 035 |
|
|
|a CLN000083705
|
| 040 |
|
|
|a SNKBUCL
|b slo
|c SNKBUCL
|e AACR2
|
| 041 |
0 |
|
|a slo
|
| 044 |
|
|
|a xo
|c SK
|
| 080 |
|
|
|a 351.817.17(437.6)
|2 1997
|
| 080 |
|
|
|a 654.197(437.6)
|2 1997
|
| 100 |
1 |
|
|a Kočan, Mikuláš,
|d 1946-
|4 aut
|9 222464
|
| 245 |
1 |
0 |
|a Dobré ráno, Rada STV!
|c Mikuláš Kočan
|
| 610 |
|
7 |
|a Slovenská televízia
|2 snkbucl
|9 115516
|
| 655 |
|
7 |
|a články z novín a časopisov
|2 snkbucl
|9 267496
|
| 773 |
0 |
|
|t Literárny týždenník
|g Roč. 13, č. 13 (2000), s. 1
|x 0862-5999
|
| 850 |
|
|
|a Slovenská národná knižnica v Martine
|
| 852 |
|
|
|a SNK
|b KIS3GCP
|
| 958 |
|
|
|a SK
|
| 992 |
|
|
|a RBX
|
| 999 |
|
|
|c 2198669
|d 2200599
|